La investigación y evaluación de cuestiones y acciones ambientales : un curriculum diseñado para instruir al estudiante en la investigación y evaluación de cuestiones ambientales /
Guardado en:
| Autor Principal: | |
|---|---|
| Otros Autores: | , |
| Formato: | Libro |
| Publicado: |
Illinois :
Stipes Publishing Company
|
| Materias: | |
| Etiquetas: |
Agregar Etiqueta
Sin Etiquetas, Sea el primero en etiquetar este registro!
|
| LEADER | 00788nam a22001935a 4500 | ||
|---|---|---|---|
| 001 | CEM.cems011262 | ||
| 005 | 20071025194712.0 | ||
| 008 | 130507b######################000#0#####d | ||
| 003 | CEMS | ||
| 082 | 0 | 4 | |a 372.857 |
| 100 | 1 | |a Cavazos Pena, Sylvia | |
| 245 | 1 | 0 | |a La investigación y evaluación de cuestiones y acciones ambientales : |b un curriculum diseñado para instruir al estudiante en la investigación y evaluación de cuestiones ambientales / |c Harold R. Hungerford, Ralph A. Litherland ; traducción de Sylvia Cavazos Pena |
| 260 | |a Illinois : |b Stipes Publishing Company | ||
| 300 | |a 275 p. | ||
| 653 | |a Educación | ||
| 653 | |a Educación ambiental | ||
| 700 | 1 | |a Hungerford, Harold R. | |
| 700 | 1 | |a Litherland, Ralph A. | |
| 859 | |a CEMS |b BIB. CEMS - 11 de abril |h 372.857 |i C314 |p 1925.44 |t Ej.1 | ||
